000 00713cam a2200229 a 4500
001 2583256
005 20180118071454.0
008 960503s1996 caua b 001 0 eng
010 _a 96085011
020 _a0965271706
040 _aDLC
_cDLC
_dDLC
041 _aeng
080 _a362.10681 BOL
082 0 0 _a362.10681 BOL
_221
100 _a53
101 _aMEN
245 0 4 _aThe capitation sourcebook :
_cPeter Boland, editor.
504 _aIncludes bibliographical references and index.
906 _a7
_bcbc
_corignew
_d2
_eopcn
_f19
_gy-gencatlg
942 _2ddc
_cBK
999 _c40472
_d40472